Cartas a profesores de básica: lo oral en la educación
Salvato in:
| Autore principale: | |
|---|---|
| Natura: | Libro |
| Lingua: | spagnolo |
| Pubblicazione: |
Santiago
Cuatro Vientos
2007
|
| Soggetti: | |
| Tags: |
Aggiungi Tag
Nessun Tag, puoi essere il primo ad aggiungerne!!
|
MARC
| LEADER | 00000nam a2200000 a 4500 | ||
|---|---|---|---|
| 001 | UCI7723 | ||
| 003 | CL-VaPUC | ||
| 008 | 080718e20070000CL |||||||||||||||||spa|d | ||
| 020 | |a 9562421066 | ||
| 082 | 0 | 4 | |a 372.4 |b EDW |2 21 |
| 100 | 0 | |a Edwards Valdés, Angélica |e author |9 531014 | |
| 245 | 1 | 0 | |a Cartas a profesores de básica: lo oral en la educación |
| 300 | |a 156 p | ||
| 942 | |c BK | ||
| 945 | |d 20080718 00:00:00 |a jtorresc | ||
| 260 | |a Santiago |b Cuatro Vientos |c 2007 | ||
| 650 | 0 | |a Lectura |9 307634 | |
| 650 | 0 | |a Comunicación oral |9 307769 | |
| 650 | 7 | |a LECTURA INFANTIL |2 CL-VaPUC |9 516870 | |
| 650 | 7 | |a PROFESORES DE EDUCACION BASICA |2 CL-VaPUC |9 328621 | |
| 650 | 0 | |a Formación profesional |9 257232 | |
| 583 | |a last modification |c 20080718 00:00:00 |k Rodrigo Vera | ||
| 999 | |c 330905 |d 330903 | ||
| 952 | |0 0 |1 0 |4 0 |6 372_400000000000000_EDW_2007 |7 0 |8 A |9 416829 |a BIBEDU |b BIBEDU |c ES_NOD |d 2019-11-22 |i 4459601 |o 372.4 EDW 2007 |p 4459601 |r 2023-08-09 |w 2019-11-22 |y BK |k EBA | ||
| 952 | |0 0 |1 0 |4 0 |6 372_400000000000000_EDW_2007 |7 0 |8 A |9 416830 |a BIBEDU |b BIBEDU |c ES_NOD |d 2019-11-22 |i 4505794 |o 372.4 EDW 2007 |p 4505794 |r 2023-08-09 |w 2019-11-22 |y BK |k EBA | ||